书目信息 |
| 题名: |
鲁洁德育论著精要
|
|
| 作者: | 鲁洁 , 夏剑 , 侯彩颖 选编 | |
| 分册: | ||
| 出版信息: | 福州 福建教育出版社 2016 |
|
| 页数: | 214页 | |
| 开本: | 21cm | |
| 丛书名: | 中国教育学家经典论要丛书 | |
| 单 册: | ||
| 中图分类: | G40-092.76 | |
| 科图分类: | ||
| 主题词: | 教育家--jiao yu jia--教育思想--中国--现代--文集 | |
| 电子资源: | ||
| ISBN: | 978-7-5334-7262-7 | |
| 000 | 01198nam0 22003011 450 | |
| 001 | 1754456574 | |
| 005 | 20170516112211.0 | |
| 010 | @a978-7-5334-7262-7@b精装@dCNY38.00 | |
| 100 | @a20160808d2016 em y0chiy50 ea | |
| 101 | 0 | @achi |
| 102 | @aCN@b350000 | |
| 105 | @ay z 000yy | |
| 106 | @ar | |
| 200 | 1 | @a鲁洁德育论著精要@9lu jie de yu lun zhu jing yao@f鲁洁,夏剑,侯彩颖选编 |
| 210 | @a福州@c福建教育出版社@d2016 | |
| 215 | @a214页@d21cm | |
| 225 | 2 | @a中国教育学家经典论要丛书@9zhong guo jiao yu xue jia jing dian lun yao cong shu |
| 300 | @a梦山书系 | |
| 330 | @a本书集中反映了鲁洁教授在德育原理研究上的思想。该书在批判教育中的无“人”状况,批判当代道德教育对人的异化的基础上,建构了有“人”的道德教育,揭示了道德教育的本质在于成就一个“人”,道德教育的根本作为在于引导生活的建构。 | |
| 461 | 0 | @12001 @a中国教育学家经典论要丛书 |
| 606 | 0 | @a教育家@9jiao yu jia@x教育思想@y中国@z现代@j文集 |
| 610 | 0 | @a鲁洁(女,1930- )@Alu jie (nv 1930- ) |
| 690 | @aG40-092.76@v5 | |
| 701 | 0 | @a鲁洁@9lu jie@c(女,@f1930~)@4选编 |
| 701 | 0 | @a夏剑@9xia jian@4选编 |
| 701 | 0 | @a侯彩颖@9hou cai ying@4选编 |
| 801 | 0 | @aCN@b百万庄@c20170512 |
| 905 | @b1004820-5@dG40-092.76@e739@f6 | |
| 鲁洁德育论著精要/鲁洁,夏剑,侯彩颖选编.-福州:福建教育出版社,2016 |
| 214页;21cm.-(中国教育学家经典论要丛书) |
| 梦山书系 |
| ISBN 978-7-5334-7262-7(精装):CNY38.00 |
| 本书集中反映了鲁洁教授在德育原理研究上的思想。该书在批判教育中的无“人”状况,批判当代道德教育对人的异化的基础上,建构了有“人”的道德教育,揭示了道德教育的本质在于成就一个“人”,道德教育的根本作为在于引导生活的建构。 |
| ● |
| 相关链接 |
|
|
|
|
正题名:鲁洁德育论著精要
索取号:G40-092.76/739
 
预约/预借
| 序号 | 登录号 | 条形码 | 馆藏地/架位号 | 状态 | 备注 |
| 1 | 1004820 | 210048205 | 第一样本阅览室/ [索取号:G40-092.76/739] | 在馆 | |
| 2 | 1004821 | 210048214 | 教育系资料室/ [索取号:G40-092.76/739] | 在馆 | |
| 3 | 1004822 | 210048223 | 教育系资料室/ [索取号:G40-092.76/739] | 在馆 | |
| 4 | 1004823 | 210048232 | 教育系资料室/ [索取号:G40-092.76/739] | 在馆 | |
| 5 | 1004824 | 210048241 | 第四借阅区/ [索取号:G40-092.76/739] | 在馆 | |
| 6 | 1004825 | 210048250 | 第四借阅区/ [索取号:G40-092.76/739] | 在馆 |